Statistics for Flags of European countries (Very Hard)

Click here to take the quiz!

General Stats

  • This quiz has been taken 97 times
    (56 since last reset)
  • The average score is 44 of 92

Answer Stats

Answer% Correct
Russia
81%
Greece
79%
Malta
79%
Belarus
77%
North Macedonia
77%
Netherlands
75%
Turkey
75%
Cyprus
73%
Germany
73%
Switzerland
73%
Vatican City
73%
Albania
71%
Bulgaria
71%
Italy
71%
Monaco
71%
Scotland
71%
Ukraine
71%
United Kingdom
71%
Andorra
69%
Austria
69%
Croatia
69%
Finland
69%
Hungary
69%
Latvia
69%
Lithuania
69%
Czech Republic
67%
Estonia
67%
France
67%
Kosovo
67%
Luxembourg
67%
Montenegro
67%
Poland
67%
Romania
67%
San Marino
67%
Georgia
65%
Kazakhstan
65%
Norway
65%
Slovenia
65%
Spain
65%
Denmark
63%
Ireland
63%
Moldova
63%
Portugal
63%
Serbia
63%
Sweden
63%
Belgium
62%
Faroe Islands
62%
Liechtenstein
62%
Iceland
60%
Slovakia
60%
Azerbaijan
56%
Wales
56%
Bosnia and Herzegovina
54%
England
54%
Armenia
52%
Isle of Man
50%
Gibraltar
42%
Bailiwick of Guernsey
37%
Catalonia
37%
Northern Cyprus
37%
Åland
35%
Bailiwick of Jersey
35%
Northern Ireland
29%
Sicily
27%
Transnistria
27%
Abkhazia
25%
Basque Country
25%
Sardinia
21%
Bavaria
19%
Chechnya
19%
Udmurtia
17%
Tatarstan
15%
Adygea
13%
Gagauzia
13%
Ingushetia
12%
Kalmykia
12%
Mari El
12%
Occitania
12%
Ossetia
12%
Dagestan
10%
Karelia
10%
Adjara
8%
Bashkortostan
8%
Chuvashia
8%
Friuli Venezia Giulia
8%
Karachay-Cherkessia
8%
Komi
8%
Mordovia
8%
Vojvodina
8%
Kabardino-Balkaria
6%
Aosta Valley
4%
Trentino-Alto Adige/Südtirol
2%

Score Distribution

Percentile by Number Answered

Percent of People with Each Score

Your Score History

You have not taken this quiz since the last reset